000 01075pam a2200277 a 4500
001 3036066
003 NUST-PNEC
005 20170116180714.0
008 951204s1996 paua d 000 0 eng
010 _a 95052297
020 _a1560917547
040 _cPNEC
050 0 0 _aTJ9
_b.N28 1996
082 0 0 _a621.03 NAY
_220
100 1 _aNayler, G. H. F.
245 1 0 _aDictionary of mechanical engineering /
_cG.H.F. Nayler.
246 3 0 _aMechanical engineering
250 _a4th ed.
260 _aWarrendale, Pa. :
_bSociety of Automotive Engineers ;
_aOxford ;
_aBoston :
_bButterworth-Heinemann,
_cc1996.
300 _avii, 454 p. :
_bill. ;
_c24 cm.
500 _ahttp://www.amazon.com/Dictionary-Mechanical-Engineering-G-Nayler/dp/1560917547/ref=sr_1_1?s=books&ie=UTF8&qid=1413448540&sr=1-1&keywords=1560917547
650 0 _aMechanical engineering
_xDictionaries.
_xME
906 _a7
_bcbc
_corignew
_d1
_eocip
_f19
_gy-gencatlg
942 _2ddc
_cBK
999 _c61101
_d61101